[Event "Mittelrhein Verbandsliga Sued 1920"]
[Site "Mittelrhein"]
[Date "2019.12.08"]
[Round "4.3"]
[White "Daniels, Klaus"]
[Black "Gaehler, Cornelius"]
[Result "0-1"]
[WhiteElo "1884"]
[BlackElo "2064"]
[PlyCount "86"]
[EventDate "2019.09.29"]
[EventType "team-tourn"]
[EventRounds "9"]
[EventCountry "GER"]
[SourceTitle "EXT 2023"]
[Source "ChessBase"]
[SourceDate "2022.10.05"]
[SourceVersion "1"]
[SourceVersionDate "2022.10.05"]
[SourceQuality "1"]
[WhiteTeam "Bonn Stadtverwaltung II"]
[BlackTeam "Rheinbacher SF"]
[WhiteTeamCountry "GER"]
[BlackTeamCountry "GER"]

1. e4 d6 2. d4 Nf6 3. Bd3 e5 4. c3 Be7 5. h3 c6 6. Nf3 Nbd7 7. Bc2 Qc7 8. 0-0 Nf8 9. dxe5 dxe5 10. Kh2 Bd7 11. Be3 h6 12. Nbd2 g5 13. Nc4 Ng6 14. Ng1 b5 15. Nd2 g4 16. g3 gxh3 17. a4 Ng4+ 18. Kh1 h5 19. axb5 cxb5 20. Bb3 a5 21. Ndf3 0-0 22. Bg5 Bc6 23. Qe2 Qb7 24. Rae1 Kg7 25. Nxh3 f5 26. Bxe7 Qxe7 27. Nfg5 fxe4 28. Nxe4 Nf6 29. Nhg5 Nxe4 30. Nxe4 h4 31. Kg1 hxg3 32. fxg3 Qa7+ 33. Qe3 Rxf1+ 34. Kxf1 Rf8+ 35. Nf2 Qd7 36. Kg1 Rf3 37. Qg5 Qa7 38. Re2 e4 39. Bc2 b4 40. Qg4 bxc3 41. bxc3 a4 42. c4 a3 43. Bb1 Qb8 0-1

[Event "Mittelrhein Verbandsliga Sued 1920"]
[Site "Mittelrhein"]
[Date "2019.11.17"]
[Round "3.2"]
[White "Quinones Maletti, Julio Guillermo"]
[Black "Daniels, Klaus"]
[Result "1-0"]
[WhiteElo "2009"]
[BlackElo "1884"]
[PlyCount "107"]
[EventDate "2019.09.29"]
[EventType "team-tourn"]
[EventRounds "9"]
[EventCountry "GER"]
[SourceTitle "EXT 2023"]
[Source "ChessBase"]
[SourceDate "2022.10.05"]
[SourceVersion "1"]
[SourceVersionDate "2022.10.05"]
[SourceQuality "1"]
[WhiteTeam "Koeln Porz IV"]
[BlackTeam "Bonn Stadtverwaltung II"]
[WhiteTeamCountry "GER"]
[BlackTeamCountry "GER"]

1. e4 e5 2. Nf3 Nc6 3. Bb5 a6 4. Ba4 Bc5 5. c3 b5 6. Bb3 Qe7 7. 0-0 d6 8. d4 Ba7 9. Be3 Na5 10. Bc2 Nc4 11. Bc1 Bg4 12. b3 Nb6 13. h3 Bh5 14. Be3 Nf6 15. Nbd2 0-0 16. Re1 c5 17. d5 h6 18. Qe2 Nbd7 19. c4 Bg6 20. Nh4 Rab8 21. Nxg6 fxg6 22. Bd3 b4 23. g3 Nh5 24. Nf3 Bb6 25. Nh4 Qf7 26. Rf1 Bd8 27. Ng2 a5 28. Kh2 Nb6 29. f3 g5 30. Rf2 Bf6 31. Bd2 a4 32. Ne3 g6 33. Ng4 Kg7 34. Rg1 axb3 35. axb3 Ra8 36. f4 exf4 37. gxf4 Bd4 38. Nxh6 Bxf2 39. Nxf7 Bxg1+ 40. Kxg1 Rxf7 41. f5 Ra1+ 42. Kh2 Ra2 43. Bc3+ bxc3 44. Qxa2 gxf5 45. exf5 Nf4 46. Be4 Nd7 47. Qc2 Nf6 48. Qxc3 Re7 49. Bf3 Kf7 50. h4 Nd7 51. Qh8 Ne5 52. f6 Nxf3+ 53. Kg3 Ne2+ 54. Kf2 1-0

[Event "Mittelrhein Verbandsliga-O 16/17"]
[Site "Nordrheinwestfalen"]
[Date "2017.04.30"]
[Round "11.8"]
[White "Daniels, Klaus"]
[Black "Schueers, Christian"]
[Result "1-0"]
[WhiteElo "1875"]
[BlackElo "1519"]
[PlyCount "73"]
[EventDate "2016.09.11"]
[EventType "team-tourn"]
[EventRounds "11"]
[EventCountry "GER"]
[SourceTitle "EXT 2022"]
[Source "ChessBase"]
[SourceDate "2021.10.06"]
[SourceVersion "1"]
[SourceVersionDate "2021.10.06"]
[SourceQuality "1"]
[WhiteTeam "Bonn Stadtverwaltung"]
[BlackTeam "Bergische SF II"]
[WhiteTeamCountry "GER"]
[BlackTeamCountry "GER"]

1. e4 d6 2. d4 g6 3. Be3 Bg7 4. Qd2 Nd7 5. Nc3 e5 6. d5 a6 7. h4 h5 8. f3 Ndf6 9. Be2 Bd7 10. Nh3 Qe7 11. Nf2 Nh6 12. Nd3 b5 13. a4 bxa4 14. Nxa4 Qd8 15. c4 Qc8 16. c5 Bb5 17. Kf2 Nhg4+ 18. Kg1 Nxe3 19. Qxe3 Bh6 20. Qf2 0-0 21. cxd6 cxd6 22. Nb6 Qb7 23. Nxa8 Rxa8 24. Kh2 Nd7 25. Rhc1 Bxc1 26. Rxc1 Rc8 27. Qe3 Kg7 28. Rxc8 Qxc8 29. Nb4 Qc5 30. Qxc5 Nxc5 31. Bxb5 axb5 32. Nc6 Na6 33. Ne7 Nc7 34. Nc8 Ne8 35. g3 Kf6 36. Kg2 g5 37. Kf2 1-0

[Event "Mittelrhein Verbandsliga Ost 1314"]
[Site "Mittelrhein"]
[Date "2014.04.06"]
[Round "9.7"]
[White "Daniels, Klaus"]
[Black "Hilpert, Rainer"]
[Result "1/2-1/2"]
[WhiteElo "1814"]
[BlackElo "1936"]
[PlyCount "71"]
[EventDate "2013.09.15"]
[EventType "team-tourn"]
[EventRounds "11"]
[EventCountry "GER"]
[SourceTitle "EXT 2023"]
[Source "ChessBase"]
[SourceDate "2022.10.05"]
[SourceVersion "1"]
[SourceVersionDate "2022.10.05"]
[SourceQuality "1"]
[WhiteTeam "Bonn Stadtverwaltung"]
[BlackTeam "Rheinbacher SF"]
[WhiteTeamCountry "GER"]
[BlackTeamCountry "GER"]

1. e4 e5 2. Nf3 Nc6 3. Bb5 Nf6 4. Qe2 Bc5 5. c3 Qe7 6. 0-0 0-0 7. Rd1 Bb6 8. d3 a6 9. Ba4 d6 10. Bg5 h6 11. Bh4 Bg4 12. h3 Bd7 13. Bc2 g5 14. Bg3 Nh5 15. Kh2 Ng7 16. Qd2 f5 17. exf5 Bxf5 18. Na3 Qd7 19. Nc4 Ba7 20. d4 exd4 21. Nxd4 Nxd4 22. cxd4 Bxc2 23. Qxc2 Nf5 24. Qb3 Qf7 25. Rac1 b5 26. Na5 Bb6 27. Qxf7+ Rxf7 28. Nc6 Re8 29. Rd2 h5 30. f3 Nxg3 31. Kxg3 Rf4 32. Kf2 h4 33. a4 Ree4 34. Rcd1 bxa4 35. Kg1 Re3 36. Kf2 1/2-1/2